Statistics for Planets of Star Wars

Click here to take the quiz!

General Stats

  • This quiz has been taken 11 times
    (6 since last reset)
  • The average score is 24 of 55

Answer Stats

Answer% Correct
Alderaan
100%
Dagobah
100%
Mustafar
100%
Tatooine
100%
Ahch-To
67%
Coruscant
67%
Endor
67%
Geonosis
67%
Hoth
67%
Jakku
67%
Kamino
67%
Kashyyyk
67%
Naboo
67%
Takodana
67%
Utapau
67%
Yavin IV
67%
Ajan Kloss
33%
Arvala-7
33%
Bespin
33%
Cantonica
33%
Cato Neimodia
33%
Corellia
33%
Corvus
33%
Crait
33%
D'Qar
33%
Eadu
33%
Exegol
33%
Felucia
33%
Hosnian Prime
33%
Ilum/Starkiller Base
33%
Ivexia
33%
Jedha
33%
Karthon
33%
Kef Bir
33%
Kessel
33%
Kijimi
33%
Lah'mu
33%
Maldo Kreis
33%
Mimban
33%
Mygeeto
33%
Nevarro
33%
Numidian Prime
33%
Polis Massa
33%
Rings of Kafrene
33%
Saleucami
33%
Savareen
33%
Scarif
33%
Sinta Glacier
33%
Sorgan
33%
Trask
33%
Tython
33%
Vandor
33%
Wobani
33%
Morak
0%
Pasaana
0%

Score Distribution

Percentile by Number Answered

Percent of People with Each Score

Your Score History

You have not taken this quiz since the last reset